الجغرافيا السياحية / (Record no. 66587)
[ view plain ]
| 000 -الفاتح | |
|---|---|
| حقل البيانات ثابتة الطول | 00798nam a22002177a 4500 |
| 005 - وقت وتاريخ اخر تعامل مع التسجيلة | |
| رقم الضبط | 20240530110927.0 |
| 008 - عناصر البيانات ثابتة الطول - معلومات عامة | |
| حقل البيانات ثابتة الطول | 220221s2009 ua c g b 000 0 ara d |
| 017 ## - رقم الايداع القانونى | |
| المصدر ( الهيئة المختصة) | مصر. دار الكتب |
| 040 ## - مصدر الفهرسة | |
| وكالة الفهرسة الأصلية | EG-CaGPL |
| وكالة النسخ | EG-CaGPL |
| 082 04 - رقم تصنيف ديوى العشرى | |
| رقم الطبعة | 21 |
| رقم التصنيف | 910.91 / |
| رقم المادة | م ج |
| 100 0# - المدخل الرئيسى - إسم شخصى | |
| الإسم الشخصى | محمد عبدالفتاح |
| 245 01 - بيان العنوان | |
| العنوان | الجغرافيا السياحية / |
| بيان المسئوليه,etc | تاليف محمد عبدالفتاح ، طايع عبداللطيف طه |
| 260 ## - PUBLICATION, DISTRIBUTION, ETC. (IMPRINT) | |
| تاريخ النشر أو التوزيع | 2009 |
| 300 ## - الوصف المادى | |
| التعداد | 336 ص؛ |
| أبعاد الوعاء | 24 سم |
| 650 07 - المدخل الاضافى بالموضوع-مصطلح موضوعى | |
| مصطلح موضوعي | السياحة |
| مصدر الرأس أو المصطلح | qrmak |
| 650 07 - المدخل الاضافى بالموضوع-مصطلح موضوعى | |
| مصطلح موضوعي | الجغرافيا |
| مصدر الرأس أو المصطلح | qrmak |
| 651 ## - المدخل الاضافى بالموضوع - اسم جغرافى | |
| مصدر الرأس أو المصطلح | qrmak |
| الاسم الجغرافي | مصر |
| 700 ## - المدخل الاضافى - اسم شخصى | |
| الإسم الشخصى | طايع عبداللطيف طه |
| الدور | مؤلف |
| 942 ## - عناصر المدخل الإضافي( كوها) | |
| مصدر التصنيف او مخطط الترفيف | Dewey Decimal Classification |
| Koha [default] item type | كتاب |
| 260 ## - PUBLICATION, DISTRIBUTION, ETC. (IMPRINT) | |
| -- | الاسكندرية : |
| -- | المكتب الجامعى الحديث ، |
| حالة التراجع | حالة الفقد | حالة تلف | ليس للاعارة | المكان المؤقت | الموقع الحالى | موقع الترفيف | تاريخ الاكتساب | اجمالي اﻻعارات | رقم الطلب | الباركود | تاريخ اخر مشاهدة | تاريخ تفعيل السعر | نوع وعاء كوها |
|---|---|---|---|---|---|---|---|---|---|---|---|---|---|
| مكتبة القاهرة الكبرى | مكتبة القاهرة الكبرى | ق الرئيسية_التاريخ والجغرافيا_ك عربى | 08/14/2022 | 910.91 / م ج | 168224 | 08/14/2022 | 08/14/2022 | كتاب |

